[Event "?"]
[Site "Dos Hermanas ESP"]
[Date "1999.04.09"]
[Round "3"]
[White "Gelfand, Boris"]
[Black "Topalov, Veselin"]
[Result "1/2-1/2"]
[WhiteElo "2691"]
[BlackElo "2700"]

1.Cf3 b6 2.e4 Fb7 3.Cc3 c5 4.d4 cxd4 5.Cxd4 a6 6.Fd3 g6 7.f4 Fg7 8.Cf3 d6 
9.O-O Cf6 10.De1 O-O 11.Dh4 Cbd7 12.f5 b5 13.Fh6 Fxh6 14.Dxh6 Cg4 15.Dh4 
Cde5 16.Cg5 h6 17.Cf3 e6 18.Dxd8 Taxd8 19.fxe6 fxe6 20.Cd4 Tde8 21.Txf8+ 
Rxf8 22.a4 b4 23.Ca2 a5 24.Cc1 Re7 25.Ccb3 Ta8 26.h3 Cf6 27.Te1 Cfd7 28.
Fb5 Cb6 29.Cd2 Tc8 30.Te2 Fa8 31.Rf2 Cbc4 32.Cxc4 Cxc4 33.b3 Ce5 34.Fa6 
Tf8+ 35.Re3 Tf1 36.Fc8 Tf6 37.c3 bxc3 38.Tc2 Tf1 39.Cf3 Cxf3 40.gxf3 d5 
41.Txc3 dxe4 42.fxe4 Te1+ 43.Rd3 Txe4 44.Tc5 Th4 45.Txa5 Txh3+ 46.Rd2 Fd5 
47.b4 Ta3 48.Ta7+ Rd6 49.b5 Rc5 50.Ta6 g5 51.b6 Tb3 52.a5 g4 53.b7 Fxb7 
54.Fxb7 Txb7 55.Txe6 g3 56.Tg6 Rd5 1/2-1/2

[Event "EUCup final 15th"]
[Site "Bugojno BIH"]
[Date "1999.10.31"]
[Round "3"]
[White "Topalov, Veselin"]
[Black "Gelfand, Boris"]
[Result "1-0"]
[WhiteElo "2690"]
[BlackElo "2713"]

1.e4 c5 2.Cf3 d6 3.d4 cxd4 4.Cxd4 Cf6 5.Cc3 a6 6.Fe3 Cg4 7.Fg5 h6 8.Fh4 g5
9.Fg3 Fg7 10.h3 Ce5 11.f3 Cbc6 12.Ff2 Fe6 13.Dd2 Tc8 14.O-O-O Da5 15.Cb3 
Dc7 16.a3 Fxb3 17.cxb3 Ca5 18.Dc2 Cg6 19.Rb1 b5 20.Tc1 Db7 21.b4 Cc4 22.
Fxc4 Txc4 23.Dd2 O-O 24.Cd5 Tfc8 25.Txc4 Txc4 26.Ce3 Tc7 27.h4 e6 28.hxg5 
hxg5 29.Cg4 Dc6 30.Fd4 Fxd4 31.Dxd4 Dc2+ 32.Ra1 Dxg2 33.Cf6+ Rf8 34.Dxd6+ 
Te7 35.Dd1 Rg7 36.Ch5+ Rf8 37.Ra2 g4 38.fxg4 Df2 39.Dd8+ Te8 40.Dd6+ Te7 
41.Tc1 Rg8 42.Tc8+ Rh7 43.g5 1-0

[Event "12. Olympiad"]
[Site "Moscow RUS"]
[Date "1994.??.??"]
[Round "13"]
[White "Topalov, Veselin"]
[Black "Gulko, Boris F"]
[Result "1/2-1/2"]
[WhiteElo "2645"]
[BlackElo "2590"]

1.e4 c6 2.d4 d5 3.exd5 cxd5 4.c4 Cf6 5.Cc3 e6 6.Cf3 Fb4 7.cxd5 Cxd5 8.Dc2 
Cc6 9.a3 Fe7 10.Fd3 Ff6 11.O-O Cde7 12.Fe3 h6 13.Tad1 O-O 14.Dd2 Fd7 15.
Fb1 Tc8 16.Dd3 Cg6 17.Ce4 Fe7 18.b4 a6 19.Cc5 Dc7 20.g3 Tfd8 21.Ff4 Db6 
22.h4 Fe8 23.h5 Cf8 24.Fa2 Ff6 1/2-1/2

[Event "Hoogovens"]
[Site "Wijk aan Zee NED"]
[Date "1996.??.??"]
[Round "7"]
[White "Topalov, Veselin"]
[Black "Huebner, Robert Dr"]
[Result "1-0"]
[WhiteElo "2700"]
[BlackElo "2635"]

1.e4 c5 2.Cf3 e6 3.d4 cxd4 4.Cxd4 Cc6 5.Cc3 Dc7 6.Fe3 a6 7.Fd3 Cf6 8.O-O 
Fd6 9.f4 Fc5 10.Cf5 Ce7 11.Cxg7+ Rf8 12.Fxc5 Dxc5+ 13.Rh1 Rxg7 14.e5 Ce8 
15.Ce4 Dc7 16.Dh5 Cg6 17.Cf6 Dd8 18.f5 exf5 19.Dxf5 d5 20.Dg5 Fe6 21.Tae1 
Da5 22.Ch5+ Rf8 23.Fxg6 hxg6 24.Cf4 Ff5 25.e6 Dc7 26.exf7 Rxf7 27.g4 Dxc2 
28.Te2 Dc6 29.gxf5 d4+ 30.Rg1 d3 31.De7+ Rg8 32.Te6 Th7 33.Cxg6 Txe7 34.
Cxe7+ Rf7 35.Cxc6 bxc6 36.Td1 Td8 37.Te3 1-0

[Event "12. Olympiad"]
[Site "Moscow RUS"]
[Date "1994.??.??"]
[Round "7"]
[White "Illescas Cordoba, Miguel"]
[Black "Topalov, Veselin"]
[Result "1/2-1/2"]
[WhiteElo "2590"]
[BlackElo "2645"]

1.c4 Cf6 2.Cc3 g6 3.g3 Fg7 4.Fg2 c5 5.e3 d6 6.Cge2 O-O 7.O-O Cc6 8.d3 Fd7 
9.a3 Dc8 10.Cf4 Tb8 11.b4 Ch5 12.Cfe2 cxb4 13.axb4 a6 14.b5 axb5 15.cxb5 
Cd8 16.d4 Te8 17.Db3 Fh3 18.e4 Fxg2 19.Rxg2 e5 20.d5 f5 21.f3 Cf7 22.b6 
Ff6 23.Cb5 Dd7 24.Cc7 Te7 25.Ta2 Cg7 26.Da4 Ce8 27.Dxd7 Txd7 28.Cxe8 Txe8 
29.Fe3 h5 30.Tc1 fxe4 31.fxe4 Fg5 32.Tc3 Fxe3 33.Txe3 Cg5 34.h4 Ch7 35.Cg1
Tc8 36.Cf3 Tc4 37.Tee2 Tf7 38.Tac2 Tb4 39.Tb2 Tc4 40.Tbc2 Tb4 41.Tb2 Ta4 
1/2-1/2

[Event "?"]
[Site "Madrid ESP"]
[Date "1996.??.??"]
[Round "4"]
[White "Illescas Cordoba, Miguel"]
[Black "Topalov, Veselin"]
[Result "0-1"]
[WhiteElo "2635"]
[BlackElo "2700"]

1.c4 Cf6 2.Cc3 g6 3.g3 Fg7 4.Fg2 O-O 5.d4 c6 6.Cf3 d5 7.cxd5 cxd5 8.Ce5 e6
9.O-O Cfd7 10.f4 Cc6 11.Fe3 Cb6 12.Ff2 Fd7 13.e4 Ce7 14.Cxd7 Dxd7 15.e5 
Tfc8 16.Te1 Cc4 17.De2 Tc7 18.Tad1 Tac8 19.Td3 Cb6 20.g4 Ca4 21.Dd2 Ff8 
22.Tf3 b5 23.a3 a6 24.Tf1 Tc6 25.f5 exf5 26.Fh4 Cb6 27.Fxe7 Dxe7 28.gxf5 
Td8 29.Df2 Fh6 30.fxg6 fxg6 31.Tf7 Dg5 32.Rh1 De3 33.Cxd5 Dxf2 34.T7xf2 
Cxd5 35.Tf7 Tc1 36.Txc1 Rxf7 37.Tc6 Cf4 38.Tc7+ Rg8 39.d5 Cxd5 40.Ta7 Cf4 
0-1

[Event "6. Magistral"]
[Site "Madrid ESP"]
[Date "1997.??.??"]
[Round "7"]
[White "Topalov, Veselin"]
[Black "Illescas Cordoba, Miguel"]
[Result "1/2-1/2"]
[WhiteElo "2725"]
[BlackElo "2635"]

1.Cf3 d5 2.d4 Cf6 3.c4 c6 4.Cc3 e6 5.e3 Cbd7 6.Dc2 Fd6 7.Fd3 O-O 8.O-O 
dxc4 9.Fxc4 b5 10.Fd3 Fb7 11.e4 e5 12.dxe5 Cxe5 13.Cxe5 Fxe5 14.h3 b4 15.
Ce2 c5 16.f3 c4 17.Dxc4 Db6+ 18.Rh1 Tfd8 19.Db5 Dxb5 20.Fxb5 a6 21.Fa4 a5 
22.Ff4 Fxf4 23.Cxf4 g5 24.e5 gxf4 25.exf6 Ta6 26.Tfd1 Txd1+ 27.Txd1 Txf6 
28.a3 bxa3 29.bxa3 Tf5 30.Td4 Rg7 31.Rh2 Fc8 32.Fc2 Tc5 33.Fd3 Fe6 34.Fa6 
Tf5 35.a4 h6 36.Fb5 Rf6 37.Td8 Rg7 38.Ta8 Fb3 39.Rg1 Tc5 40.Txa5 Fxa4 41.
Txa4 Txb5 42.Txf4 Tb2 43.Rh2 Ta2 44.Tf5 Rg6 45.Tb5 Rg7 46.h4 Ta4 47.Rh3 
Ta2 48.g4 Ta1 49.g5 hxg5 50.Txg5+ Rf6 51.Tg2 Rf5 52.Rg3 Ta8 53.Tb2 Tg8+ 
54.Rf2 Th8 55.Tb5+ Rf4 56.Tb4+ Rf5 57.Rg3 Tg8+ 58.Tg4 Ta8 59.Tf4+ Rg6 60.
Rg4 Ta5 61.Tb4 f6 1/2-1/2

[Event "?"]
[Site "Dos Hermanas ESP"]
[Date "1999.04.06"]
[Round "1"]
[White "Illescas Cordoba, Miguel"]
[Black "Topalov, Veselin"]
[Result "1/2-1/2"]
[WhiteElo "2585"]
[BlackElo "2700"]

1.Cf3 d5 2.d4 Cf6 3.c4 c6 4.cxd5 cxd5 5.Cc3 Cc6 6.Ff4 a6 7.Tc1 Ff5 8.e3 e6
9.Db3 Ta7 10.Ce5 Fe7 11.Cxc6 bxc6 12.Fe2 Cd7 13.O-O c5 14.Da4 Db6 15.dxc5 
Fxc5 16.b4 Dxb4 17.Dxb4 Fxb4 18.Cxd5 Fc5 19.Cc7+ Re7 20.Cxa6 Fa3 21.Tc3 
Fb2 22.Tb3 Fe5 23.Cb4 Tc8 24.Fxe5 Cxe5 25.f4 Cd7 26.Ff3 Rf8 27.e4 Fg6 28.
Td1 f6 29.a3 Tac7 30.Tbd3 Cc5 31.Te3 Ca4 32.e5 Cb2 33.Ta1 Tc1+ 34.Te1 Txa1
35.Txa1 fxe5 36.fxe5 Tc5 37.a4 Tc4 38.a5 Txb4 39.a6 Ta4 40.Txa4 Cxa4 41.a7
Cb6 42.Rf2 1/2-1/2

[Event "ESP Team Ch Div 1"]
[Site "Cala Galdana ESP"]
[Date "1999.11.11"]
[Round "4"]
[White "Topalov, Veselin"]
[Black "Illescas Cordoba, Miguel"]
[Result "1-0"]
[WhiteElo "2690"]
[BlackElo "2600"]

1.e4 c5 2.Cf3 e6 3.d4 cxd4 4.Cxd4 Cf6 5.Cc3 Cc6 6.Cxc6 bxc6 7.e5 Cd5 8.Ce4
Fb7 9.c4 Cb4 10.c5 Db8 11.f4 Fa6 12.a3 Fxf1 13.Txf1 Cd5 14.Dd4 Fe7 15.f5 
exf5 16.Txf5 O-O 17.Fd2 f6 18.O-O-O fxe5 19.Txe5 Db3 20.Fg5 Tae8 21.Fxe7 
Ce3 22.Cf6+ 1-0

[Event "Hoogovens"]
[Site "Wijk aan Zee NED"]
[Date "1996.??.??"]
[Round "13"]
[White "Ivanchuk, Vassily"]
[Black "Topalov, Veselin"]
[Result "1-0"]
[WhiteElo "2735"]
[BlackElo "2700"]

1.g3 e5 2.c4 Cc6 3.Fg2 g6 4.Cc3 Fg7 5.Cf3 f5 6.O-O d6 7.Tb1 a5 8.a3 Cf6 9.
d3 O-O 10.b4 axb4 11.axb4 h6 12.b5 Ce7 13.Fb2 Fe6 14.Ta1 Tc8 15.c5 Cd7 16.
cxd6 cxd6 17.Ca4 d5 18.Cd2 De8 19.e3 g5 20.De2 Df7 21.f4 Cg6 22.fxe5 Cdxe5
23.Cf3 Cxf3+ 24.Fxf3 Fxb2 25.Dxb2 f4 26.Fg2 De7 27.Cb6 Tcd8 28.Dd4 Dd6 29.
exf4 gxf4 30.Tae1 Rh7 31.Rh1 Fg8 32.Tf3 fxg3 33.Txg3 Tf4 34.De3 Tdf8 35.
Tg1 d4 36.Dd2 Ce5 37.Fe4+ Txe4 38.dxe4 Cf3 39.Txf3 Txf3 40.Dg2 1-0

[Event "32. Olympiad"]
[Site "Erevan ARM"]
[Date "1996.??.??"]
[Round "13"]
[White "Ivanchuk, Vassily"]
[Black "Topalov, Veselin"]
[Result "1-0"]
[WhiteElo "2730"]
[BlackElo "2750"]

1.c4 g6 2.d4 Fg7 3.e4 d6 4.Cc3 Cf6 5.Fe2 O-O 6.Fg5 c6 7.Dd2 e5 8.d5 Ca6 9.
h4 cxd5 10.cxd5 De8 11.f3 Fd7 12.Ch3 Cc5 13.g4 h5 14.Cf2 hxg4 15.fxg4 Tc8 
16.Fe3 Ch7 17.Cd3 Cxd3+ 18.Dxd3 a6 19.a4 Dd8 20.a5 Ff6 21.Ff2 Fe7 22.Rd2 
Cf6 23.Thg1 Ce8 24.Fb6 Cc7 25.g5 De8 26.De3 Cb5 27.Fxb5 Fxb5 28.h5 Rg7 29.
Df3 Fc4 30.Tg2 Th8 31.Th1 Fb5 32.Fe3 Fd7 33.Tgh2 Dd8 34.Rd3 Dc7 35.hxg6 
Dc4+ 36.Rc2 fxg6 37.Txh8 Txh8 38.Txh8 Rxh8 39.Df7 Fa4+ 40.Rd2 Db4 41.Re1 
1-0

[Event "14. Ciudad de Linares"]
[Site "Linares ESP"]
[Date "1997.??.??"]
[Round "1"]
[White "Ivanchuk, Vassily"]
[Black "Topalov, Veselin"]
[Result "0-1"]
[WhiteElo "2740"]
[BlackElo "2725"]

1.Cf3 Cf6 2.c4 c5 3.Cc3 Cc6 4.e3 e6 5.d4 d5 6.a3 a6 7.dxc5 Fxc5 8.b4 Fa7 
9.Fb2 O-O 10.Fd3 De7 11.O-O Td8 12.De2 Fd7 13.Tac1 Tac8 14.cxd5 exd5 15.h3
h6 16.Tfd1 Fe6 17.b5 axb5 18.Cxb5 Fb8 19.Fb1 Ce4 20.Fa2 Cg5 21.Cfd4 Cxd4 
22.Fxd4 Ce4 23.a4 Tc6 24.Fa7 Tdc8 25.Db2 Dh4 26.Txc6 bxc6 27.Tc1 Cxf2 28.
Dxf2 Fh2+ 29.Rf1 Dxa4 0-1

[Event "6. Amber Rapid"]
[Site "Monaco MNC"]
[Date "1997.??.??"]
[Round "5"]
[White "Topalov, Veselin"]
[Black "Ivanchuk, Vassily"]
[Result "0-1"]
[WhiteElo "2725"]
[BlackElo "2740"]

1.Cf3 d5 2.d4 Cf6 3.c4 c6 4.Cc3 e6 5.e3 Cbd7 6.Dc2 Fd6 7.Fd3 O-O 8.O-O h6 
9.b3 b6 10.Fb2 Fb7 11.Tfd1 De7 12.cxd5 cxd5 13.Cb5 Tfc8 14.De2 Fb8 15.Fa3 
Dd8 16.Tac1 Txc1 17.Txc1 Ce8 18.g3 a6 19.Cc3 Fd6 20.Fxd6 Cxd6 21.Ce5 Tc8 
22.Cxd7 Dxd7 23.Fxa6 Ce4 24.Fxb7 Cxc3 25.Txc3 Txc3 26.Fa6 Dc7 27.Db5 g6 
28.a4 Tc2 29.Dd3 Tb2 30.Dd1 Dc3 31.Fb5 Rg7 32.Df3 Dc7 33.e4 Dc1+ 34.Rg2 
Tb1 35.Rh3 Dc2 36.Fe8 f6 37.Df4 Dc8 38.Fxg6 Rxg6 39.Dg4+ Rf7 40.exd5 Dd7 
41.Dh5+ Re7 42.Dg6 e5+ 43.Rg2 Dxd5+ 0-1

[Event "6. Amber Blindfold"]
[Site "Monaco MNC"]
[Date "1997.??.??"]
[Round "5"]
[White "Ivanchuk, Vassily"]
[Black "Topalov, Veselin"]
[Result "1/2-1/2"]
[WhiteElo "2740"]
[BlackElo "2725"]

1.d4 Cf6 2.Cf3 g6 3.g3 Fg7 4.Fg2 O-O 5.O-O d6 6.Cc3 d5 7.Te1 Ff5 8.Ch4 Fg4
9.Fg5 c6 10.Dd2 Cbd7 11.f3 Fe6 12.e4 c5 13.exd5 cxd4 14.dxe6 dxc3 15.bxc3 
Db6+ 16.Rh1 fxe6 17.Tab1 Dc7 18.Txe6 Cc5 19.Ff4 Dd8 20.Te2 Dxd2 21.Fxd2 
Cd5 22.f4 Tad8 23.c4 Cc3 24.Fxc3 Fxc3 25.Fxb7 Cxb7 26.Txb7 e5 27.Tb3 Td1+ 
28.Rg2 Fa5 29.Txe5 Td2+ 30.Rh3 Fc7 31.Te7 Fb6 32.Td3 Txd3 33.cxd3 Td8 34.
Cf3 Txd3 35.Cg5 h6 36.Ce4 Rf8 37.Tb7 Td4 38.c5 Txe4 39.cxb6 axb6 40.Txb6 
Rf7 41.Tb2 Ta4 42.Rg2 Ta3 43.Rf2 Rf6 44.Re2 Rf5 45.Rd2 g5 46.fxg5 hxg5 47.
Rc2 Rg4 48.Rb1 Ta5 49.Tb8 Ta7 50.Tb5 Th7 51.Tb2 Ta7 52.Tf2 Rh3 53.Rb2 g4 
54.a3 Tb7+ 55.Ra2 Tb2+ 1/2-1/2

[Event "7. Amber Blindfold"]
[Site "Monaco MNC"]
[Date "1998.03.18"]
[Round "6"]
[White "Topalov, Veselin"]
[Black "Ivanchuk, Vassily"]
[Result "1-0"]
[WhiteElo "2740"]
[BlackElo "2740"]

1.e4 c5 2.Cf3 d6 3.d4 Cf6 4.Cc3 cxd4 5.Cxd4 Fd7 6.f3 e5 7.Cb3 a5 8.a4 Fe7 
9.Fe3 Ca6 10.Fb5 O-O 11.Fxd7 Dxd7 12.Cxa5 d5 13.Cxd5 Cxd5 14.exd5 Tfc8 15.
c3 Fh4+ 16.g3 Fd8 17.Cb3 b5 18.O-O bxa4 19.Cd2 Cc5 20.c4 Db7 21.Fxc5 Txc5 
22.Txa4 Tca5 23.Txa5 Fxa5 24.Dc2 Tb8 25.Ta1 Fb6+ 26.c5 1-0

[Event "7. Amber Rapid"]
[Site "Monaco MNC"]
[Date "1998.03.18"]
[Round "6"]
[White "Ivanchuk, Vassily"]
[Black "Topalov, Veselin"]
[Result "1-0"]
[WhiteElo "2740"]
[BlackElo "2740"]

1.e4 c5 2.Cf3 d6 3.d4 cxd4 4.Cxd4 Cf6 5.Cc3 a6 6.Fe2 e5 7.Cb3 Fe7 8.O-O 
O-O 9.Rh1 b6 10.f3 Fb7 11.a4 Cc6 12.Fg5 Cb4 13.Cb1 h6 14.Fxf6 Fxf6 15.Ca3 
Dc7 16.Dd2 Cc6 17.Cc4 Tfd8 18.a5 bxa5 19.Cbxa5 Cd4 20.Cxb7 Dxb7 21.Fd3 Fg5
22.Df2 a5 23.Ta4 Ce6 24.Tfa1 Cc5 25.Txa5 Txa5 26.Txa5 Cxd3 27.cxd3 d5 28.
Txd5 Txd5 29.exd5 Dxd5 30.De2 Ff6 31.g3 h5 32.Rg2 g6 33.h3 Fg7 34.g4 hxg4 
35.hxg4 f5 36.Rf1 Rf7 37.De3 Ff6 38.gxf5 gxf5 39.Re2 Rg6 40.Rd1 Da8 41.Re2
Dd5 42.b4 Rf7 43.Da7+ Fe7 44.Ce3 De6 45.b5 e4 46.Da4 exd3+ 47.Rxd3 Dd7+ 
48.Re2 Rg6 49.Dc4 Fd6 50.b6 De7 51.Rd3 Fc5 52.Dg8+ Rh5 53.Dh8+ Rg6 54.Cd5 
Df7 55.Cf4+ Rg5 56.Dd8+ Rh6 57.Cd5 Dg7 58.Dh4+ Rg6 59.Dg3+ 1-0

[Event "8. Amber Rapidplay"]
[Site "Monaco MNC"]
[Date "1999.03.26"]
[Round "9"]
[White "Ivanchuk, Vassily"]
[Black "Topalov, Veselin"]
[Result "1/2-1/2"]
[WhiteElo "2714"]
[BlackElo "2700"]

1.d4 Cf6 2.Cf3 e6 3.c4 d5 4.Cc3 Fe7 5.Ff4 O-O 6.e3 c5 7.dxc5 Fxc5 8.a3 Cc6
9.Dc2 Da5 10.O-O-O Fe7 11.Rb1 Td8 12.Cd2 e5 13.Fg3 Fe6 14.Fe2 Tac8 15.The1
g6 16.Cb3 Db6 17.c5 Dc7 18.Ra1 b6 19.Cd4 bxc5 20.Cxc6 Dxc6 21.Fxe5 Cd7 22.
Fg3 Cb6 23.Fa6 Ta8 24.Cb5 Ff5 25.Cd4 1/2-1/2

[Event "8. Amber Blindfold"]
[Site "Monaco MNC"]
[Date "1999.03.26"]
[Round "9"]
[White "Topalov, Veselin"]
[Black "Ivanchuk, Vassily"]
[Result "1-0"]
[WhiteElo "2700"]
[BlackElo "2714"]

1.Cf3 Cf6 2.c4 e6 3.Cc3 Fb4 4.Db3 a5 5.g3 Cc6 6.a3 Fxc3 7.bxc3 b6 8.Fg2 
Fb7 9.O-O d6 10.d3 Ce7 11.Fg5 a4 12.Db5+ Cd7 13.Cd4 Fxg2 14.Rxg2 Ta5 15.
Fxe7 Da8+ 16.Dc6 Rxe7 17.Dxa8 Taxa8 18.Cc6+ Re8 19.d4 f5 20.f3 Cf6 21.Tab1
Rd7 22.Cb4 h5 23.h4 Tag8 24.Cd3 g5 25.hxg5 Txg5 26.Rf2 h4 27.gxh4 Txh4 28.
Th1 Tgh5 29.Txh4 Txh4 30.Tg1 Ch5 31.Re3 Th2 32.Rd2 c5 33.Tg8 Cf6 34.Tg7+ 
Rd8 35.Ta7 Th1 36.Cf4 e5 37.Ce6+ Rc8 38.dxe5 dxe5 39.Tc7+ Rb8 40.Tf7 Th6 
41.Cg7 1-0

[Event "It"]
[Site "Linares ESP"]
[Date "1995.??.??"]
[Round "10"]
[White "Topalov, Veselin"]
[Black "Karpov, Anatoly"]
[Result "0-1"]
[WhiteElo "2630"]
[BlackElo "2765"]

1.e4 c6 2.d4 d5 3.exd5 cxd5 4.c4 Cf6 5.Cc3 e6 6.Cf3 Fe7 7.cxd5 Cxd5 8.Fd3 
Cc6 9.O-O O-O 10.Te1 Ff6 11.Fe4 Cce7 12.Dd3 h6 13.Ce5 Cxc3 14.Dxc3 Cf5 15.
Fe3 a5 16.Tac1 a4 17.Ted1 Cxe3 18.Dxe3 Db6 19.Cg4 Fg5 20.f4 Fe7 21.Fb1 Fd7
22.Dg3 f5 23.Cxh6+ Rh7 24.Cg4 Tfd8 25.Ce5 Fe8 26.De3 Ff6 27.g4 g6 28.gxf5 
exf5 29.Dc3 Tac8 30.Dh3+ Rg7 31.Txc8 Txc8 32.Dg2 Td8 33.Df2 Fe7 34.h4 Df6 
35.Tc1 Dxh4 36.Tc7 Rf8 37.De3 Fd6 38.Txb7 Fxe5 39.Dxe5 Dg3+ 40.Rf1 Df3+ 
41.Re1 Dxb7 42.Df6+ Ff7 43.Dxd8+ Rg7 44.d5 Db4+ 45.Rd1 Dd4+ 46.Rc2 De4+ 
47.Rc3 Dxb1 48.d6 De1+ 49.Rd4 Db4+ 50.Re3 De4+ 51.Rd2 Dxf4+ 52.Rc2 De4+ 
53.Rd2 Dd4+ 54.Rc1 f4 0-1

[Event "GM tournament"]
[Site "Linares ESP"]
[Date "1994.??.??"]
[Round "3"]
[White "Topalov, Veselin"]
[Black "Kasparov, Garry"]
[Result "1/2-1/2"]
[WhiteElo "2640"]
[BlackElo "2805"]

1.c4 g6 2.e4 Fg7 3.d4 d6 4.Cc3 Cf6 5.f4 O-O 6.Cf3 c5 7.dxc5 Da5 8.Fd3 Dxc5
9.De2 Fg4 10.Fe3 Da5 11.O-O Cc6 12.Tac1 Cd7 13.Df2 Fxf3 14.gxf3 Cc5 15.Fb1
Ca4 16.Cxa4 Dxa4 17.b3 Da3 18.c5 dxc5 19.Fxc5 Dxc5 20.Txc5 Fd4 21.Td1 
Fxf2+ 22.Rxf2 Tfd8 23.Tcd5 e6 24.Txd8+ Txd8 25.Txd8+ Cxd8 26.Re3 Rf8 27.f5
e5 28.f4 f6 29.fxe5 fxe5 30.fxg6 hxg6 31.h4 Rg7 32.Rd3 Rf6 33.Rc4 Re6 34.
Rc5 b6+ 35.Rb5 Rd6 36.b4 Rc7 37.a4 Ce6 38.Fa2 Cd4+ 39.Ra6 Rb8 40.Ff7 Cf3 
41.Fxg6 Cxh4 42.Ff7 Cf3 43.a5 bxa5 44.bxa5 1/2-1/2

[Event "Euwe Memorial"]
[Site "Amsterdam NED"]
[Date "1995.??.??"]
[Round "3"]
[White "Topalov, Veselin"]
[Black "Kasparov, Garry"]
[Result "0-1"]
[WhiteElo "2630"]
[BlackElo "2805"]

1.e4 c5 2.Cf3 Cc6 3.d4 cxd4 4.Cxd4 e6 5.Cc3 d6 6.Fe3 Cf6 7.f3 Fe7 8.g4 O-O
9.Dd2 a6 10.O-O-O Cxd4 11.Fxd4 b5 12.Rb1 Fb7 13.h4 Tc8 14.g5 Cd7 15.Tg1 b4
16.Ce2 Ce5 17.Tg3 Cc4 18.Dc1 e5 19.Ff2 a5 20.Fg2 Fa6 21.Te1 a4 22.Fh3 Tc6 
23.Dd1 d5 24.exd5 Td6 25.f4 Txd5 26.Td3 Ca3+ 27.bxa3 Fxd3 28.cxd3 Txd3 0-1

[Event "Euwe Memorial"]
[Site "Amsterdam NED"]
[Date "1995.??.??"]
[Round "5"]
[White "Kasparov, Garry"]
[Black "Topalov, Veselin"]
[Result "1-0"]
[WhiteElo "2805"]
[BlackElo "2630"]

1.e4 c5 2.Cf3 d6 3.d4 cxd4 4.Cxd4 Cf6 5.Cc3 g6 6.Fe3 Fg7 7.f3 Cc6 8.Dd2 
O-O 9.O-O-O d5 10.exd5 Cxd5 11.Cxc6 bxc6 12.Fd4 Cxc3 13.Dxc3 Fh6+ 14.Fe3 
Fxe3+ 15.Dxe3 Db6 16.Dxe7 Fe6 17.Da3 Tfd8 18.Fa6 c5 19.Fe2 c4 20.f4 Td4 
21.Txd4 Dxd4 22.g3 c3 23.Dxc3 Dxc3 24.bxc3 Fxa2 25.Rb2 Fe6 26.c4 Rf8 27.
Ta1 a5 28.c5 Re7 29.c4 Fd7 30.Ff3 Tb8+ 31.Rc3 a4 32.Ta3 Tc8 33.Rd4 h5 34.
Fb7 Td8 35.Rc3 h4 36.gxh4 Th8 37.Fd5 Txh4 38.Rb4 Txh2 39.c6 Fe6 40.Fxe6 
fxe6 41.Rc5 Rd8 42.Txa4 1-0

[Event "Novgorod"]
[Site "Novgorod RUS"]
[Date "1995.??.??"]
[Round "4"]
[White "Topalov, Veselin"]
[Black "Kasparov, Garry"]
[Result "0-1"]
[WhiteElo "2630"]
[BlackElo "2805"]

1.e4 c5 2.Cf3 Cc6 3.d4 cxd4 4.Cxd4 e6 5.Cc3 d6 6.Fe3 Cf6 7.f3 Fe7 8.Dd2 
O-O 9.g4 a6 10.O-O-O Cxd4 11.Fxd4 b5 12.Rb1 Fb7 13.h4 Tc8 14.g5 Cd7 15.a3 
Ce5 16.De3 Cc4 17.Fxc4 Txc4 18.Thg1 b4 19.axb4 Txb4 20.Tg2 Fa8 21.b3 a5 
22.h5 Dc7 23.Ff6 Tfb8 24.Fxe7 Dxe7 25.Td4 e5 26.Txb4 axb4 27.Ca2 Dc7 28.
Dd3 Rf8 29.g6 fxg6 30.hxg6 h6 31.f4 exf4 32.Tf2 Rg8 33.Txf4 Dc5 34.Tf1 Db5
35.Tc1 De5 36.Dc4+ Rh8 37.Th1 Fxe4 38.Dc7 Tf8 39.Txh6+ Rg8 40.Cc1 Fxc2+ 
0-1

[Event "Amsterdam VSB"]
[Site "Amsterdam NED"]
[Date "1996.??.??"]
[Round "1"]
[White "Topalov, Veselin"]
[Black "Kasparov, Garry"]
[Result "1-0"]
[WhiteElo "2700"]
[BlackElo "2775"]

1.e4 c5 2.Cf3 d6 3.d4 cxd4 4.Cxd4 Cf6 5.Cc3 a6 6.Fc4 e6 7.Fb3 Cbd7 8.f4 
Cc5 9.O-O Ccxe4 10.Cxe4 Cxe4 11.f5 e5 12.Dh5 De7 13.Df3 Cc5 14.Cc6 Dc7 15.
Fd5 a5 16.Fg5 Ta6 17.Cd8 f6 18.Cf7 Tg8 19.Fe3 g6 20.Cg5 Tg7 21.fxg6 Txg6 
22.Ff7+ Dxf7 23.Cxf7 Rxf7 24.Fxc5 dxc5 25.Tad1 Fe7 26.Td5 Fg4 27.De4 Rg7 
28.Tfd1 Fxd1 29.Txd1 Te6 30.Df5 Rf7 31.Te1 b6 32.h4 Tg7 33.Rf1 Fd6 34.Rf2 
Fc7 35.Rf3 Re7 36.Te4 Rf7 37.Tg4 Te7 38.Re4 Txg4+ 39.Dxg4 Fd8 40.a4 Rf8 
41.c3 Tg7 42.Dc8 Re8 43.De6+ Rf8 44.g4 Tf7 45.h5 Tg7 46.h6 Tg6 47.Dd5 Fe7 
48.Rf5 Txh6 49.Db7 e4 50.Db8+ Rf7 51.Dxb6 e3 52.De6+ Re8 53.Dxe3 Tg6 54.
De4 Tg5+ 55.Rf4 Rd7 56.Db7+ Re6 57.Dc8+ Rf7 58.Dc7 h5 59.gxh5 Txh5 60.Dxa5
Fd6+ 61.Re4 f5+ 62.Rd5 Fe7 63.Dc7 Th6 64.a5 Td6+ 65.Re5 Tf6 66.Dc8 1-0

[Event "?"]
[Site "Dos Hermanas ESP"]
[Date "1996.??.??"]
[Round "8"]
[White "Kasparov, Garry"]
[Black "Topalov, Veselin"]
[Result "1/2-1/2"]
[WhiteElo "2775"]
[BlackElo "2700"]

1.e4 c5 2.Cf3 d6 3.d4 cxd4 4.Cxd4 Cf6 5.Cc3 a6 6.Fe2 e6 7.O-O Fe7 8.a4 Cc6
9.Fe3 O-O 10.f4 Dc7 11.Rh1 Te8 12.Ff3 Ca5 13.Fg1 Ff8 14.De1 Tb8 15.h3 Cd7 
16.Fh2 Cc6 17.Td1 Cxd4 18.Txd4 b5 19.axb5 axb5 20.e5 f5 21.exd6 Fxd6 22.
Cd5 Da7 23.Td1 b4 24.Fg1 Da5 25.Fh5 g6 26.Dg3 Rf7 27.Ff3 Ff8 28.Tfe1 Fg7 
29.Ce3 Rf8 30.Cc4 Dc7 31.Cd6 Te7 32.Fd4 Fxd4 33.Txd4 Cf6 34.Ted1 Fa6 35.
Dh4 Cd7 36.De1 e5 37.fxe5 Cxe5 38.Dg3 Cxf3 39.gxf3 Ta8 40.Df4 Fe2 41.T1d2 
Ta1+ 42.Rg2 Ff1+ 43.Rg3 Fa6 44.Td1 Txd1 45.Txd1 Dxc2 46.Dd4 Rg8 47.Dd5+ 
Rg7 48.Dd4+ 1/2-1/2

[Event "Credit Suisse"]
[Site "Geneva SUI"]
[Date "1996.??.??"]
[Round "2.2"]
[White "Topalov, Veselin"]
[Black "Kasparov, Garry"]
[Result "0-1"]
[WhiteElo "2750"]
[BlackElo "2785"]

1.e4 c5 2.Cf3 d6 3.d4 cxd4 4.Cxd4 Cf6 5.Cc3 a6 6.Fe3 Cg4 7.Fg5 h6 8.Fh4 g5
9.Fg3 Fg7 10.Fe2 h5 11.h4 gxh4 12.Txh4 Cc6 13.Cb3 Fe6 14.Dd2 Db6 15.Cd5 
Fxd5 16.exd5 Cce5 17.c3 Cg6 18.Th3 h4 19.Fxg4 hxg3 20.Txh8+ Fxh8 21.De3 
gxf2+ 22.Rxf2 Dxe3+ 23.Rxe3 Ce5 24.Fe2 Rd7 25.Cd2 Tg8 26.Th1 Ff6 27.Rf2 
Cg4+ 28.Fxg4+ Txg4 29.Th7 Re8 30.Rf3 Tg5 31.Ce4 Tf5+ 32.Re3 Txd5 33.Cxf6+ 
exf6 34.Th8+ Rd7 35.Tb8 Te5+ 36.Rf3 Rc7 37.Tf8 Te7 38.g4 Rd7 39.Rf4 Re6 
40.c4 Tc7 41.b3 b5 42.Te8+ Rd7 43.Ta8 bxc4 44.bxc4 Txc4+ 45.Rf5 Ta4 46.
Rxf6 Txg4 47.Ta7+ Rc6 48.Txa6+ Rc5 49.Rxf7 d5 50.Ta5+ Rd6 51.Rf6 Tf4+ 52.
Rg5 Tf1 53.a4 Re5 54.Ta8 Tg1+ 55.Rh6 d4 56.a5 d3 57.Td8 Re4 58.a6 Ta1 59.
Td6 Re3 60.Te6+ Rf2 61.Td6 Re2 62.Te6+ Rd1 63.Rg5 d2 64.Rf4 Rc2 0-1

[Event "Credit Suisse"]
[Site "Geneva SUI"]
[Date "1996.??.??"]
[Round "2.2"]
[White "Kasparov, Garry"]
[Black "Topalov, Veselin"]
[Result "1/2-1/2"]
[WhiteElo "2785"]
[BlackElo "2750"]

1.e4 c5 2.Cf3 e6 3.c3 d5 4.exd5 exd5 5.d4 a6 6.Ff4 Cc6 7.Fe2 Cf6 8.O-O Fe7
9.dxc5 Fxc5 10.Cbd2 O-O 11.Cb3 Fb6 12.Cfd4 Ce4 13.f3 Cd6 14.Rh1 Df6 15.Dc1
Te8 16.Fd3 h6 17.Fe3 Fd7 18.Fg1 Ce5 19.Fc2 Cdc4 20.Cd2 Tac8 21.Te1 Cd6 22.
Cf1 Cec4 23.Txe8+ Txe8 24.b3 Ca5 25.Dd2 Fc7 26.Te1 Txe1 27.Dxe1 Cc6 28.Dd1
g6 29.Ce3 Ce7 30.De1 h5 31.Ff2 Cb5 32.Fh4 g5 33.Cxb5 axb5 34.Ff2 Fe6 35.
Cf1 Cc6 36.De3 h4 37.Dd3 h3 38.Cg3 hxg2+ 39.Rxg2 Ce5 40.Dh7+ Rf8 41.Ff5 
Cxf3 42.Fxe6 Ch4+ 43.Rf1 Dxe6 44.Fc5+ Re8 45.Dg8+ Rd7 46.Dxg5 Dh3+ 47.Re2 
Dxh2+ 48.Ff2 Fxg3 49.Dxg3 Dxg3 50.Fxg3 Cf5 51.Fh2 Ce7 52.Rd3 Cc6 53.c4 
Cb4+ 54.Rd4 bxc4 55.bxc4 Rc6 56.cxd5+ Cxd5 57.Re5 b5 58.Rf5 Rc5 59.Fg3 Rc4
60.Fd6 Rd4 61.a3 Rd3 62.Ff8 Cb6 63.Fc5 Cd7 64.Fe7 Rd4 65.Fb4 Rc4 66.Fd6 
Rb3 67.Rg5 Cb6 68.Rf6 Cc4 69.Ff8 Cxa3 70.Rxf7 Cc2 71.Re6 Rc4 72.Rd7 Cd4 
73.Fe7 Rd5 74.Rc7 Cc6 75.Rb6 Cd4 76.Fc5 1/2-1/2

[Event "32. Olympiad"]
[Site "Erevan ARM"]
[Date "1996.??.??"]
[Round "9"]
[White "Topalov, Veselin"]
[Black "Kasparov, Garry"]
[Result "0-1"]
[WhiteElo "2750"]
[BlackElo "2785"]

1.e4 c5 2.Cf3 d6 3.d4 cxd4 4.Cxd4 Cf6 5.Cc3 a6 6.Fe2 e6 7.a4 Cc6 8.O-O Fe7
9.Fe3 O-O 10.f4 Dc7 11.Rh1 Te8 12.Ff3 Tb8 13.g4 Cxd4 14.Fxd4 e5 15.fxe5 
dxe5 16.Fa7 Ta8 17.g5 Td8 18.De2 Ce8 19.Fe3 Fe6 20.Df2 Dc4 21.Fb6 Tdc8 22.
Fe3 Fc5 23.Tad1 Fxe3 24.Dxe3 Db4 25.Td3 Td8 26.b3 Td4 27.Tfd1 Tc8 28.T1d2 
Dc5 29.Rg2 b5 30.axb5 axb5 31.Cd1 Txd3 32.Dxd3 f6 33.gxf6 Cxf6 34.Ce3 Rh8 
35.c4 bxc4 36.Cxc4 h6 37.Tc2 Db5 38.Tc1 Dc5 39.Tc2 Db5 40.Tc1 Db4 41.Dc3 
De7 42.De3 Cd7 43.Fe2 Tb8 44.Cd2 Cf8 45.Rh1 Cg6 46.Cc4 Fg8 47.Tf1 Dc7 48.
Dg3 Fh7 49.Tf2 Cf4 50.De3 Fg8 51.Ff1 Tf8 52.Cd2 Dc1 53.Cc4 Da1 54.Dc5 Ce6 
55.De3 Cf4 56.Dc5 Te8 57.De3 Fxc4 58.bxc4 Td8 59.Df3 De1 60.Dg3 Td1 61.h4 
Td3 62.Dg1 Dxe4+ 63.Rh2 De3 0-1